Elosztott paraméterekkel vezérelt formális neuronrendszer

Elmentve itt :
Bibliográfiai részletek
Szerző: Szelezsán János
Testületi szerző: Számítástechnikai és kibernetikai módszerek alkalmazása az orvostudományban és a biológiában
Dokumentumtípus: Könyv része
Megjelent: 1983
Sorozat:Számítástechnikai és kibernetikai módszerek alkalmazása az orvostudományban és a biológiában 11
Kulcsszavak:Ideggyógyászat, Matematikai modell
Tárgyszavak:
Online Access:http://acta.bibl.u-szeged.hu/46035
LEADER 01006naa a2200229 i 4500
001 acta46035
005 20230612085821.0
008 170626s1983 hu o 1|| hun d
040 |a SZTE Egyetemi Kiadványok Repozitórium  |b hun 
041 |a hun 
100 1 |a Szelezsán János 
245 1 0 |a Elosztott paraméterekkel vezérelt formális neuronrendszer  |h [elektronikus dokumentum] /  |c  Szelezsán János 
260 |c 1983 
300 |a 98-100 
490 0 |a Számítástechnikai és kibernetikai módszerek alkalmazása az orvostudományban és a biológiában  |v 11 
650 4 |a Természettudományok 
650 4 |a Matematika 
650 4 |a Orvos- és egészségtudomány 
650 4 |a Általános orvostudomány 
695 |a Ideggyógyászat, Matematikai modell 
711 |a Számítástechnikai és kibernetikai módszerek alkalmazása az orvostudományban és a biológiában  |c Szeged  |d 1982. december 6-8. 
856 4 0 |u http://acta.bibl.u-szeged.hu/46035/1/szamtech_orvost_koll_011_098-100.pdf  |z Dokumentum-elérés